Benedicto XVI. El papa alemán.
Збережено в:
| Автор: | |
|---|---|
| Формат: | Книга |
| Мова: | Іспанська |
| Опубліковано: |
Barcelona, España:
Planeta,
2010.
|
| Редагування: | Primera edición. |
| Серія: | Colección Planeta Testimonio.
|
| Предмети: | |
| Теги: |
Додати тег
Немає тегів, Будьте першим, хто поставить тег для цього запису!
|
MARC
| LEADER | 00000cam a2200000 a 4500 | ||
|---|---|---|---|
| 001 | UCE0463 | ||
| 003 | CL-VaPUC | ||
| 005 | 20230804112300.0 | ||
| 008 | 140116e20101000sp |||||||||||||||||spa|d | ||
| 999 | |c 354584 |d 354582 | ||
| 020 | |a 978-84-08-09619-1 | ||
| 040 | |c Pontificia Universidad Católica de Valparaíso | ||
| 082 | 0 | 4 | |a 922.21 BLA 2010 |2 21 |
| 100 | |a Blanco Sarto, Pablo |e autor |9 471832 | ||
| 245 | 1 | 0 | |a Benedicto XVI. |b El papa alemán. |
| 250 | |a Primera edición. | ||
| 260 | |a Barcelona, España: |b Planeta, |c 2010. | ||
| 300 | |a 606 páginas. | ||
| 490 | |a Colección Planeta Testimonio. | ||
| 500 | |a c.4 Donación Sr. Jorge Precht Pizarro. 26-05-23. Biblioteca Teología. | ||
| 583 | |a last modification |c 20140116 11:53:00 |k Rodrigo Vera | ||
| 600 | 0 | |a Benedicto XVI |2 CL-VaPUC |9 859569 |d 1927-2022 |q Ratzinger, Joseph Aloisius |v Biografía | |
| 650 | 0 | |a Papas |9 258738 |v Biografías |y Siglo 20 | |
| 942 | |c BK |2 ddc | ||
| 945 | |d 20140116 11:53:00 |a dcastane | ||
| 952 | |0 0 |1 0 |3 erd |4 0 |6 922_210000000000000_BLA_2010 |7 0 |8 A |9 460545 |a BIBEDU |b BIBEDU |i 5051444 |o 922.21 BLA 2010 |p 5051444 |r 2019-11-23 |w 2019-11-23 |y BK |z Catalogado en:20140116 |k EPE | ||
| 952 | |0 0 |1 0 |3 erd |4 0 |6 922_210000000000000_BLA_2010 |7 0 |8 A |9 460546 |a BIBTEO |b BIBTEO |i 5355834 |o 922.21 BLA 2010 |p 5355834 |r 2025-01-17 |w 2019-11-23 |y BK |z Catalogado en:20161209 |k ICR | ||
| 952 | |0 0 |1 0 |3 erd |4 0 |6 922_210000000000000_BLA_2010 |7 0 |8 C |9 460547 |a BIBCUR |b BIBCUR |i 5359279 |o 922.21 BLA 2010 |p 5359279 |r 2025-04-22 |w 2019-11-23 |y BK |z Catalogado en:20170113 |k CAC | ||
| 952 | |0 0 |1 0 |2 ddc |4 0 |6 922_210000000000000_BLA_2010 |7 0 |8 A |9 591107 |a BIBTEO |b BIBTEO |c GEN |d 2023-08-04 |e Donación |i 5658255 |o 922.21 BLA 2010 |p 5658255 |r 2025-01-17 |t 4 |w 2023-08-04 |y BK |k ICR | ||